000 02298nam a22002537a 4500
003 Uzh_bibl
008 260427b |||||||| |||| 00| 0 ukr d
020 _c3.50
040 _aукр.
041 _2ukr
_aukr
080 _a821(477)
090 _a821(477)
_bН 50
100 _aНемирович, Іван
245 _aОдісея Роберта Кендюка: Вибрані твори
_cПередм. А. Шевченка
_hТекст
260 _aКиїв
_bДніпро
_c1987
300 _a502 с.
_fВ опр.
520 _aКнигу вибраних творів українського письменника Івана Немировича (1928—1986) складають лірично-гумористичні повісті «А все через неї...» (про невигадані пригоди концертної бригади в перші повоєнні роки), «Як Комар морякував» (про службу матроську); у сатиричних повістях «На круги своя» та «До легкого хліба» викриваються шахраї на ниві мистецтва. «Одіссея Роберта Кендюха» —пародія на недолугу літературну фантастику. До окремого розділу ввійшли кращі гуморески, усмішки, фейлетони, дивні історії, кололітературні придибенції.
521 _aДля широкого кола читачів
546 _aукр.
650 _vЛітературно-художнє видання
_yХХ століття, переважно сучасний автору період
_zПодії розгортаються в різних місцях (Україна та інші країни/простори, пов’язані з мандрами героя)
653 _aМандри
_aПригоди
_aІронія
_aПошук
_aЛюдина
655 _aПригодницько-сатирична проза (повість/оповідання у складі вибраних творів)
_vПовісті. Гуморески. Оповідки.Невигадані історії. Фейлетони.
942 _2udc
_cBK
999 _c17533
_d17533